| LEADER |
01375nam0a2200289 450 |
| 001 |
16867543 |
| 010 |
|
|
|a 978-2-7590-5699-6
|b br.
|d 23,95
|
| 100 |
|
|
|a 20241009d2025 u u0frey01 ba
|
| 101 |
0 |
|
|a fre
|
| 102 |
|
|
|a FR
|
| 200 |
0 |
|
|a Grand guide de la reconversion professionnelle
|e les outils de la réussite
|f JC Hériche, Déborah Romain-Delacour, Ana Fernandez, Pascal Arnaud
|
| 205 |
|
|
|a 3e édition
|
| 207 |
|
1 |
|a
|
| 210 |
|
|
|a Levallois-Perret (Hauts-de-Seine)
|c StudyramaPro
|d 2025
|
| 215 |
|
|
|a 1 vol. (361 p.)
|c illustrations en noir et blanc
|d 24 x 16 cm
|
| 225 |
1 |
|
|a Projet professionnel
|
| 330 |
|
|
|a Un guide pour accompagner toutes les étapes de la reconversion professionnelle en tant qu'indépendant ou salarié, grâce aux tests, aux exercices et aux conseils proposés. Le lecteur peut ainsi tirer des leçons de ses échecs, faire son bilan de compétences, valoriser ses atouts et planifier ses actions pour atteindre ses objectifs de carrière.
|
| 606 |
0 |
|
|a Reconversion professionnelle
|
| 606 |
0 |
|
|a Satisfaction au travail
|
| 676 |
|
|
|a 331.12
|
| 701 |
|
0 |
|a Hériche
|b JC
|4 70
|
| 701 |
|
0 |
|a Romain-Delacour
|b Déborah
|4 70
|
| 701 |
|
0 |
|a Fernandez
|b Ana
|4 70
|
| 701 |
|
0 |
|a Arnaud
|b Pascal
|4 70
|
| 900 |
|
|
|a Documentaire
|
| 901 |
|
|
|a Adultes
|
| 995 |
|
|
|a Médiathèque
|c Médiathèque
|f 00156011597309
|h 00156011597309
|k 331.12 GRA
|o p
|q a
|r az
|e Médiathèque
|